A CRITICAL companion to early childhood
Spremljeno u:
| Format: | Knjiga |
|---|---|
| Jezik: | engleski |
| Izdano: |
Sage Publications,
2015.
|
| Oznake: |
Dodaj oznaku
Bez oznaka, Budi prvi tko označuje ovaj zapis!
|
MARC
| LEADER | 00000nam a22000007a 4500 | ||
|---|---|---|---|
| 008 | 210528b ||||| |||| 00| 0 eng d | ||
| 020 | |a 978- 4462- 5927-6 | ||
| 245 | |a A CRITICAL companion to early childhood |c Michael Reed & Rosie Walker. |g xxix, 327p. ; ill. | ||
| 250 | |c Michael Reed & Rosie Walker. | ||
| 260 | |b Sage Publications, |c 2015. |h Los Angeles: |i 692172 |i 692173 |l LB1139.23 .C86 |m Early childhood education – Handbooks, manuals etc. |m Early childhood education – Research. |m Early childhood educations. | ||
| 500 | |a “It includes references and index”. | ||
| 942 | |a lcc |c BK |e Adeniran, F. A. |f 28/05/2021 | ||
| 952 | |0 0 |1 0 |2 lcc |4 0 |6 LB113923 C86 |7 0 |9 2495 |a HOL |b ED |c LP |d 2021-05-28 |l 0 |o LB1139.23 .C86 |p 2021-6347 |r 2021-05-28 00:00:00 |w 2021-05-28 |y BK | ||
| 952 | |0 0 |1 0 |2 lcc |4 0 |6 LB113923 C86 |7 0 |9 2496 |a HOL |b HOL |c LP |d 2021-05-28 |l 0 |o LB1139.23 .C86 |p 2021-6348 |r 2021-05-28 00:00:00 |w 2021-05-28 |y BK | ||
| 999 | |c 1299 |d 1299 | ||